00730nam a2200205Ia 4500003000900000008004100009020001800050040001600068080001600084100002500100245011700125260003800242300001400280490004400294650001900338650002500357942000700382999001500389952012000404IN-BaIIA211028s9999 xx 000 0 eng d a0-471-08592-8 cIIA Library a535.14bGOL aGoldin, Edwin913326 0aWaves and photonsban introduction to quantum opticscEdwin Goldin  aNew YorkbJohn Wiley & Sonsc1982 axi, 211p. aWiley series in pure and applied optics aNASA Thesaurus aQuantum Optics96294 cBK c7905d7905 00104070aBANbBANcGENd1984-07-05g290.64l0o535.14/ GOLp8728r2021-11-05v290.64w1984-07-05yBKGRs. 290.64